000 00523pab a2200181 454500
008 180718b2013 xxu||||| |||| 00| 0 eng d
100 _aLandau, Loren B.
245 _aPlanning and participation in cities that move: Identifying obstacles to municipal mobility management
260 _c2013
300 _ap.113-124.
362 _aMay
650 _aLocal government
700 _aMisago, Jean Pierre
700 _aSegatti, Aurelia
773 _aPublic Administration and Development
908 _aN
909 _a99050
999 _c99049
_d99049